[Event "Scarborough CC LH Summer op"]
[Site "Toronto CAN"]
[Date "2010.06.03"]
[Round "5"]
[White "Gillis, Doug"]
[Black "Moran-Venegas, Mario"]
[Result "0-1"]
[WhiteElo "1633"]
[BlackElo "1722"]
[PlyCount "112"]
[EventDate "2010.04.29"]
[EventType "swiss"]
[EventRounds "8"]
[EventCountry "CAN"]

1. d4 Nf6 2. Nc3 g6 3. e4 d6 4. h3 Bg7 5. Nf3 O-O 6. Be3 Nc6 7. d5 Ne5 8. Nxe5
dxe5 9. Qd2 c6 10. dxc6 bxc6 11. Qxd8 Rxd8 12. Be2 Bb7 13. Bc5 e6 14. O-O Nd7
15. Be7 Re8 16. Bg5 f6 17. Rfd1 Nb6 18. Be3 Rad8 19. Bxb6 axb6 20. Rxd8 Rxd8
21. Rd1 Rxd1+ 22. Bxd1 Bf8 23. Be2 Kf7 24. Na4 b5 25. Nc3 f5 26. exf5 exf5 27.
a4 b4 28. Bc4+ Kf6 29. Ne2 h6 30. c3 g5 31. cxb4 Bxb4 32. Ng3 c5 33. Bd3 e4 34.
Bc4 Bc6 35. b3 Ke5 36. Nf1 f4 37. Nh2 Bd7 38. Ng4+ Bxg4 39. hxg4 f3 40. gxf3
exf3 41. Kh2 Kf4 42. Be6 Be1 43. Kg1 Ke4 44. Bc4 Kf4 45. Be6 Bc3 46. Kf1 Bd2
47. Bf5 h5 48. Be6 hxg4 49. Bd5 g3 50. fxg3+ Kxg3 51. Be6 g4 52. Bf5 Kf4 53.
Be6 g3 54. Bh3 g2+ 55. Bxg2 fxg2+ 56. Kxg2 Ke3 0-1

[Event "Scarborough CC LH Summer op"]
[Site "Toronto CAN"]
[Date "2010.06.03"]
[Round "5"]
[White "Graham, John"]
[Black "Posaratnanathan, Roy"]
[Result "0-1"]
[WhiteElo "1483"]
[BlackElo "1723"]
[PlyCount "72"]
[EventDate "2010.04.29"]
[EventType "swiss"]
[EventRounds "8"]
[EventCountry "CAN"]

1. c4 Nf6 2. Nc3 e6 3. Nf3 b6 4. e3 c5 5. Be2 Bb7 6. O-O Be7 7. d4 cxd4 8. Nxd4
O-O 9. Bf3 d5 10. Qe2 Bb4 11. Rd1 Bxc3 12. bxc3 a6 13. Rb1 Qc7 14. Qb2 Nbd7 15.
cxd5 Bxd5 16. Bxd5 Nxd5 17. Ne2 b5 18. Qd2 Ne5 19. Ba3 Nc4 20. Qc1 Rfd8 21. e4
Ndb6 22. Bb2 Na4 23. Ba1 Rxd1+ 24. Qxd1 Rd8 25. Qf1 Nd2 26. Qc1 Nxb1 27. Qxb1
Qd6 28. Qf1 Qd1 29. Nd4 Qxf1+ 30. Kxf1 e5 31. Nc2 Rd2 32. c4 Rxc2 33. Bxe5 Rxc4
34. a3 Rxe4 35. Bd6 Nb2 36. f3 Ra4 0-1

[Event "Scarborough CC LH Summer op"]
[Site "Toronto CAN"]
[Date "2010.06.03"]
[Round "5"]
[White "Hall, John"]
[Black "Manalo, Pepin"]
[Result "1-0"]
[WhiteElo "2238"]
[BlackElo "1879"]
[PlyCount "113"]
[EventDate "2010.04.29"]
[EventType "swiss"]
[EventRounds "8"]
[EventCountry "CAN"]

1. d4 Nf6 2. c4 e6 3. g3 d5 4. Nf3 Be7 5. Bg2 O-O 6. O-O Nbd7 7. Nc3 c6 8. Qc2
Bd6 9. e4 dxe4 10. Nxe4 Nxe4 11. Qxe4 Nf6 12. Qc2 h6 13. b3 Bd7 14. Bb2 Rc8 15.
Rfd1 Nh7 16. Ne5 Be8 17. Qe2 f6 18. Nd3 Qe7 19. a4 Bf7 20. b4 Rfe8 21. c5 Bb8
22. b5 Nf8 23. bxc6 bxc6 24. Nb4 Qb7 25. Bc3 Bg6 26. Qa6 Re7 27. Qxb7 Rxb7 28.
Nxc6 Rbc7 29. Nb4 Be8 30. Na6 Re7 31. Rdb1 Bc7 32. Bb7 Rd8 33. Nxc7 Rxc7 34.
Ba5 Rxb7 35. Rxb7 Rxd4 36. Rxa7 Rc4 37. Bb6 Bc6 38. a5 Nd7 39. Rc7 Ne5 40. Rxc6
Nxc6 41. a6 Kh7 42. a7 Nxa7 43. Rxa7 Kg6 44. Kg2 f5 45. Rd7 Kf6 46. Kf3 g5 47.
Ke3 Rc3+ 48. Kd2 Rc4 49. Rd3 g4 50. Rc3 Ra4 51. c6 Ra8 52. c7 Rc8 53. Bd4+ Ke7
54. Be5 h5 55. Rb3 Ra8 56. Rb8 Ra2+ 57. Kd1 1-0

[Event "Scarborough CC LH Summer op"]
[Site "Toronto CAN"]
[Date "2010.06.03"]
[Round "5"]
[White "Huston, Scott"]
[Black "Hahnewald, Uwe"]
[Result "1/2-1/2"]
[WhiteElo "1666"]
[BlackElo "1871"]
[PlyCount "88"]
[EventDate "2010.04.29"]
[EventType "swiss"]
[EventRounds "8"]
[EventCountry "CAN"]

1. d4 Nf6 2. c4 e6 3. Nf3 d5 4. Bg5 Nbd7 5. e3 Be7 6. Nc3 c6 7. Bd3 O-O 8. O-O
dxc4 9. Bxc4 c5 10. Rc1 b6 11. a3 Bb7 12. dxc5 Nxc5 13. b4 Nce4 14. Nxe4 Bxe4
15. Qe2 Rc8 16. Rfd1 Bd5 17. Bxf6 Bxf6 18. Bxd5 Rxc1 19. Rxc1 Qxd5 20. Qc2 Rd8
21. e4 Qd6 22. Qe2 e5 23. Kf1 Kf8 24. Qc4 Ke7 25. Qc7+ Rd7 26. Qxd6+ Rxd6 27.
Rc7+ Rd7 28. Rxd7+ Kxd7 29. Ke2 Kc6 30. a4 b5 31. a5 Kd6 32. Kd3 Be7 33. Ne1
Ke6 34. Kc3 a6 35. Nc2 Bg5 36. Na3 Kd6 37. Nc2 g6 38. Ne1 Ke6 39. Nd3 Be7 40.
f3 h6 41. g4 Bf8 42. h3 Bd6 43. Ne1 Bc7 44. Nd3 Bd6 1/2-1/2

[Event "Scarborough CC LH Summer op"]
[Site "Toronto CAN"]
[Date "2010.06.03"]
[Round "5"]
[White "Jizan, Masoud"]
[Black "Xie, Peter"]
[Result "0-1"]
[WhiteElo "1772"]
[BlackElo "1584"]
[PlyCount "86"]
[EventDate "2010.04.29"]
[EventType "swiss"]
[EventRounds "8"]
[EventCountry "CAN"]

1. e4 e5 2. Nf3 Nc6 3. Bc4 Nf6 4. Nc3 Be7 5. d4 exd4 6. Nxd4 Nxd4 7. Qxd4 d6 8.
Be3 Be6 9. Bd3 Ng4 10. Bf4 O-O 11. e5 dxe5 12. Bxe5 Nxe5 13. Qxe5 Bf6 14. Qh5
g6 15. Qf3 Bxc3+ 16. bxc3 Bd5 17. Qg3 Re8+ 18. Kd2 Qf6 19. Rhe1 c5 20. c4 Bxc4
21. Bxc4 Rad8+ 22. Bd3 c4 23. Rxe8+ Rxe8 24. Rb1 cxd3 25. cxd3 Qe7 26. Qf3 b6
27. Qe3 Qd7 28. Qf4 Qe6 29. Rb2 Qe2+ 30. Kc3 Rc8+ 31. Kb3 Qxd3+ 32. Kb4 a5+ 33.
Ka4 Rc4+ 34. Qxc4 Qxc4+ 35. Ka3 b5 36. Rb3 a4 37. Re3 b4+ 38. Kb2 a3+ 39. Kb1
Qf1+ 40. Kc2 Qxf2+ 41. Kd3 Qxa2 42. Re2 Qxe2+ 43. Kxe2 a2 0-1

[Event "Scarborough CC LH Summer op"]
[Site "Toronto CAN"]
[Date "2010.06.03"]
[Round "5"]
[White "Kurkowski, Ken"]
[Black "Song, Michael"]
[Result "0-1"]
[WhiteElo "1630"]
[BlackElo "1927"]
[PlyCount "77"]
[EventDate "2010.04.29"]
[EventType "swiss"]
[EventRounds "8"]
[EventCountry "CAN"]

1. d4 f5 2. Nc3 Nf6 3. Bg5 e6 4. e4 fxe4 5. Nxe4 Be7 6. Bd3 Nxe4 7. Bxe7 Qxe7
8. Bxe4 O-O 9. Nf3 d5 10. Bd3 c5 11. c3 cxd4 12. cxd4 Nc6 13. a3 e5 14. dxe5
Nxe5 15. Nxe5 Qxe5+ 16. Qe2 Qf4 17. O-O Bg4 18. f3 Bd7 19. Qc2 g6 20. Rae1 Qd4+
21. Kh1 Rfe8 22. Rxe8+ Rxe8 23. Qb1 Re3 24. Rd1 Qe5 25. h3 Qg3 26. Bf1 Bc6 27.
Qc1 Qe5 28. Qc5 Re1 29. Rxe1 Qxe1 30. Kg1 a6 31. Qf2 Qe5 32. Qe2 Qf6 33. Qd2
Qe6 34. Qe2 Kf7 35. Qxe6+ Kxe6 36. Kf2 Ke5 37. Bd3 Kd4 38. Ke2 a5 39. b4 0-1

[Event "Scarborough CC LH Summer op"]
[Site "Toronto CAN"]
[Date "2010.06.03"]
[Round "5"]
[White "Lamb, Bryan"]
[Black "Cale, Ferdinand"]
[Result "1-0"]
[WhiteElo "2214"]
[BlackElo "1784"]
[PlyCount "117"]
[EventDate "2010.04.29"]
[EventType "swiss"]
[EventRounds "8"]
[EventCountry "CAN"]

1. c4 e5 2. g3 c5 3. Bg2 Na6 4. Nc3 Nc7 5. e3 Rb8 6. a4 a5 7. Nge2 Be7 8. O-O
d6 9. d4 Be6 10. d5 Bf5 11. h3 Nf6 12. e4 Bg6 13. Qd3 Nd7 14. f4 h6 15. Be3 O-O
16. f5 Bh7 17. h4 Nf6 18. Bf3 Kh8 19. Kf2 Ng8 20. Rh1 b6 21. Rh2 g6 22. Rah1
Qd7 23. g4 Ne8 24. Ng3 Bd8 25. b3 Nef6 26. g5 gxf5 27. exf5 Ne8 28. Be4 Ne7 29.
Ke1 Rg8 30. Rf2 Nc7 31. Qe2 Qe8 32. Qh5 Na6 33. Qxh6 Qf8 34. Qf6+ Qg7 35. Qxg7+
Rxg7 36. f6 Ng6 37. fxg7+ Kxg7 38. h5 Nf4 39. Bxh7 Kxh7 40. Bxf4 exf4 41. Nge4
Nb4 42. Kd2 Be7 43. Rxf4 Kg7 44. Rhf1 Rf8 45. Rf5 Na6 46. Nb5 Nb8 47. Nbxd6 Kg8
48. Rxf7 Na6 49. Rxf8+ Bxf8 50. Nf6+ Kh8 51. Nfe8 Be7 52. g6 Nc7 53. Nxc7 Bxd6
54. Ne8 Kg8 55. Nxd6 Kg7 56. Rf7+ Kh6 57. Rh7+ Kg5 58. g7 Kf6 59. g8=Q 1-0

[Event "Scarborough CC LH Summer op"]
[Site "Toronto CAN"]
[Date "2010.06.03"]
[Round "5"]
[White "Maister, Martin"]
[Black "Luiting, Larry"]
[Result "1-0"]
[WhiteElo "1864"]
[BlackElo "1653"]
[PlyCount "58"]
[EventDate "2010.04.29"]
[EventType "swiss"]
[EventRounds "8"]
[EventCountry "CAN"]

1. c4 Nf6 2. Nc3 e6 3. Nf3 d5 4. d4 Be7 5. Bg5 Nbd7 6. e3 O-O 7. cxd5 exd5 8.
Bd3 Re8 9. O-O c5 10. dxc5 Nxc5 11. Bxf6 Bxf6 12. Bb5 Bd7 13. Bxd7 Qxd7 14.
Nxd5 Bxb2 15. Rb1 Rad8 16. Rxb2 Ne4 17. Qd4 Qxd5 18. Qxd5 Rxd5 19. Rxb7 Ra5 20.
Rb2 Rc8 21. Nd4 g6 22. f3 Nc3 23. Rc1 Rac5 24. Kf1 Na4 25. Rxc5 Rxc5 26. Rc2
Rxc2 27. Nxc2 Nc3 28. a3 a5 29. e4 Kf8 1-0

[Event "Scarborough CC LH Summer op"]
[Site "Toronto CAN"]
[Date "2010.06.03"]
[Round "5"]
[White "Mesiti, Silvano"]
[Black "Azizi, Hamid"]
[Result "1-0"]
[WhiteElo "1692"]
[BlackElo "1556"]
[PlyCount "47"]
[EventDate "2010.04.29"]
[EventType "swiss"]
[EventRounds "8"]
[EventCountry "CAN"]

1. e4 c6 2. Nf3 d5 3. exd5 Qxd5 4. Nc3 Qa5 5. Bc4 Bg4 6. O-O e6 7. d4 Bd6 8. h3
h5 9. Ne4 Qc7 10. Nxd6+ Qxd6 11. hxg4 hxg4 12. Ne5 Nf6 13. Qd3 Nbd7 14. Bf4
O-O-O 15. Ng6 Rh5 16. Bxd6 fxg6 17. Rfe1 Rdh8 18. Kf1 e5 19. Bxe5 g3 20. Bxg3
Rh1+ 21. Ke2 Re8+ 22. Kf3 Rhxe1 23. Rxe1 Rxe1 24. Qxg6 1-0

[Event "Scarborough CC LH Summer op"]
[Site "Toronto CAN"]
[Date "2010.06.03"]
[Round "5"]
[White "Moffat, Andrei"]
[Black "Peng, Bill"]
[Result "0-1"]
[WhiteElo "2289"]
[BlackElo "2186"]
[PlyCount "66"]
[EventDate "2010.04.29"]
[EventType "swiss"]
[EventRounds "8"]
[EventCountry "CAN"]

1. e4 e6 2. d4 d5 3. e5 c5 4. Qg4 cxd4 5. Nf3 Nc6 6. Bd3 Nge7 7. O-O Ng6 8. Re1
Qc7 9. Qh5 Be7 10. a3 Bd7 11. b4 b5 12. Bg5 a5 13. Nbd2 axb4 14. Bxe7 Ncxe7 15.
axb4 O-O 16. Qg4 Rxa1 17. Rxa1 Nc6 18. Bxg6 fxg6 19. Nb3 Nxe5 20. Nxe5 Qxe5 21.
Qxd4 Qxd4 22. Nxd4 e5 23. Nf3 Re8 24. Kf1 Bf5 25. c3 h6 26. Ra7 g5 27. Ke1 g4
28. Nh4 Bh7 29. g3 Be4 30. Ke2 Rf8 31. Ra6 g5 32. Ng6 Re8 33. Rb6 Kf7 0-1

[Event "Scarborough CC LH Summer op"]
[Site "Toronto CAN"]
[Date "2010.06.03"]
[Round "5"]
[White "Paterson, Jim"]
[Black "Wu, Kevin"]
[Result "0-1"]
[WhiteElo "1852"]
[BlackElo "1920"]
[PlyCount "97"]
[EventDate "2010.04.29"]
[EventType "swiss"]
[EventRounds "8"]
[EventCountry "CAN"]

1. e3 Nf6 2. f4 d6 3. Nf3 g6 4. c3 Bg7 5. d4 O-O 6. Be2 b6 7. O-O Bb7 8. Nbd2
c5 9. Re1 Nbd7 10. Nf1 Ne4 11. Ng3 Ndf6 12. Nxe4 Nxe4 13. Qc2 Rc8 14. Bd3 f5
15. Qb3+ Kh8 16. Bxe4 c4 17. Bxb7 cxb3 18. Bxc8 Qxc8 19. axb3 a5 20. Bd2 Qb8
21. Ra4 Kg8 22. Rea1 e5 23. fxe5 dxe5 24. dxe5 Bxe5 25. Nxe5 Qxe5 26. Rd4 g5
27. Rf1 Rf6 28. Rf3 Rd6 29. g3 h6 30. Rf1 Rd5 31. Bc1 Rxd4 32. exd4 Qd5 33. h4
gxh4 34. gxh4 Kh7 35. Rf4 Qxb3 36. Rxf5 Qd1+ 37. Rf1 Qg4+ 38. Kf2 Qxh4+ 39. Kg2
Qg4+ 40. Kf2 h5 41. Rh1 h4 42. Rg1 Qf5+ 43. Ke2 h3 44. Be3 Qc2+ 45. Kf3 Qxb2
46. Rg3 h2 47. Rh3+ Kg8 48. Kg3 Qxc3 49. Kxh2 0-1

[Event "Scarborough CC LH Summer op"]
[Site "Toronto CAN"]
[Date "2010.06.03"]
[Round "5"]
[White "Picana, Andrew"]
[Black "Yusuf, Magas"]
[Result "1-0"]
[WhiteElo "2114"]
[BlackElo "1820"]
[PlyCount "97"]
[EventDate "2010.04.29"]
[EventType "swiss"]
[EventRounds "8"]
[EventCountry "CAN"]

1. c4 c6 2. Nc3 Nf6 3. Nf3 d5 4. d4 e6 5. Bg5 Be7 6. e3 Nbd7 7. Bd3 dxc4 8.
Bxc4 O-O 9. O-O b5 10. Bd3 a6 11. Qe2 c5 12. Rfd1 c4 13. Bc2 Bb7 14. e4 h6 15.
Bh4 Rc8 16. a3 Re8 17. Rac1 Ba8 18. h3 Nf8 19. e5 Nd5 20. Nxd5 exd5 21. Bg3 Ne6
22. Bf5 a5 23. Qc2 Qb6 24. Rb1 Rc7 25. Bxe6 Qxe6 26. Bf4 Rec8 27. Qe2 b4 28.
axb4 axb4 29. Ra1 Bc6 30. Qe1 Bd7 31. Ra5 c3 32. bxc3 bxc3 33. Ra2 Qf5 34. Be3
c2 35. Rc1 Qd3 36. Qa5 Qg6 37. Kh2 Be6 38. Qd2 Rc4 39. Ra6 Bb4 40. Qe2 Qe4 41.
Nd2 Bxd2 42. Qxd2 Qh4 43. Ra2 Bf5 44. Qa5 Qd8 45. Qd2 Qb6 46. Ra5 Be6 47. g4
Rc3 48. Rc5 Kf8 49. Qxc3 1-0

[Event "Scarborough CC LH Summer op"]
[Site "Toronto CAN"]
[Date "2010.06.03"]
[Round "5"]
[White "Posaratnanathan, Juliaan"]
[Black "Stewart, Frankie"]
[Result "1-0"]
[WhiteElo "1678"]
[BlackElo "1794"]
[PlyCount "99"]
[EventDate "2010.04.29"]
[EventType "swiss"]
[EventRounds "8"]
[EventCountry "CAN"]

1. e4 e5 2. Nf3 Nf6 3. Nxe5 d6 4. Nf3 Nxe4 5. d4 d5 6. Bd3 Be7 7. O-O Nc6 8. c4
Nb4 9. Be2 O-O 10. a3 Nc6 11. cxd5 Qxd5 12. Nc3 Nxc3 13. bxc3 Bf5 14. c4 Qd8
15. d5 Bf6 16. Ra2 Ne5 17. Nd4 Bg6 18. f4 Nd3 19. Nb3 Nxc1 20. Qxc1 h6 21. Qd1
Qe7 22. Kh1 Bf5 23. Nd4 Be4 24. Bf3 Rfe8 25. Re2 Bxf3 26. Rxf3 Qc5 27. Nf5 Qxc4
28. Rc2 Qe4 29. Ng3 Qa4 30. Qb1 Qa5 31. Rc1 Rab8 32. Nh5 Qb6 33. Nxf6+ Qxf6 34.
Rxc7 Qd6 35. Rfc3 Qxd5 36. h3 Qe4 37. Qxe4 Rxe4 38. Rc8+ Rxc8 39. Rxc8+ Kh7 40.
Rc7 Rxf4 41. Rxb7 a5 42. Ra7 Ra4 43. Rxf7 Rxa3 44. Kh2 Ra2 45. Ra7 a4 46. Ra6
a3 47. h4 h5 48. Kg3 g6 49. Kh2 Kg7 50. Kg3 1-0

[Event "Scarborough CC LH Summer op"]
[Site "Toronto CAN"]
[Date "2010.06.03"]
[Round "5"]
[White "Radpey, Abdolreza"]
[Black "Moysoski, Randy"]
[Result "0-1"]
[WhiteElo "1587"]
[BlackElo "1955"]
[PlyCount "142"]
[EventDate "2010.04.29"]
[EventType "swiss"]
[EventRounds "8"]
[EventCountry "CAN"]

1. Nf3 Nf6 2. d4 c5 3. d5 d6 4. c4 g6 5. Nc3 Bg7 6. e4 O-O 7. Be2 Na6 8. a3 e5
9. O-O Nc7 10. b4 b6 11. h3 Bd7 12. Nh2 Nfe8 13. Bb2 f5 14. exf5 gxf5 15. g3
Nf6 16. Qc2 Qe8 17. Rae1 Qg6 18. Kh1 Qh6 19. h4 Kh8 20. Bc1 Qg6 21. Rg1 Bh6 22.
Bf1 Ng4 23. Nxg4 Bxc1 24. Nxe5 dxe5 25. Qxc1 cxb4 26. axb4 Qd6 27. Qb2 Kg8 28.
Bg2 Rae8 29. Re3 Na6 30. Na2 Nc7 31. Rge1 e4 32. Rc1 Rc8 33. Bf1 Ne8 34. Qd4
Qf6 35. Qd2 Qe5 36. f4 Qg7 37. d6 Nf6 38. Be2 Bc6 39. Nc3 Rfd8 40. c5 bxc5 41.
bxc5 Ng4 42. Bxg4 Qxg4 43. Kh2 Rd7 44. Nd5 Qg7 45. Kh3 Qf7 46. Ne7+ Qxe7 47.
dxe7 Rxd2 48. Ra1 Rd7 49. Kg2 Rxe7 50. Rd1 Rd7 51. Rd6 Rxd6 52. cxd6 Kf7 53.
Ra3 Ra8 54. Ra5 Bd7 55. Kf2 a6 56. Re5 Be6 57. Rc5 Rd8 58. Rc6 a5 59. Ra6 Kf6
60. Ke3 a4 61. g4 Bd7 62. gxf5 Kxf5 63. Ra5+ Ke6 64. Kxe4 Bc6+ 65. Ke3 Kxd6 66.
f5 Re8+ 67. Kf4 h6 68. Ra6 Re4+ 69. Kg3 Rc4 70. f6 Ke6 71. Ra5 Kxf6 0-1

[Event "Scarborough CC LH Summer op"]
[Site "Toronto CAN"]
[Date "2010.06.03"]
[Round "5"]
[White "Super, Russell"]
[Black "Ward, Dean"]
[Result "1/2-1/2"]
[WhiteElo "1430"]
[BlackElo "1840"]
[PlyCount "67"]
[EventDate "2010.04.29"]
[EventType "swiss"]
[EventRounds "8"]
[EventCountry "CAN"]

1. e4 c5 2. Nf3 d6 3. d4 cxd4 4. Nxd4 Nf6 5. Nc3 g6 6. f4 Bg7 7. Be2 Qb6 8. Nb3
Nc6 9. Nd5 Qd8 10. Bf3 O-O 11. O-O e6 12. Nc3 Ne7 13. Kh1 d5 14. e5 Nd7 15. Nd4
a6 16. a4 Qb6 17. Nce2 Nc6 18. c3 Nxd4 19. Nxd4 Nb8 20. Qe2 Nc6 21. Be3 Nxd4
22. Bxd4 Qc6 23. h4 f6 24. exf6 Bxf6 25. Bxf6 Rxf6 26. Bg4 Bd7 27. h5 Raf8 28.
Qe5 gxh5 29. Qxh5 Be8 30. Qe5 Rh6+ 31. Bh3 d4 32. Kg1 dxc3 33. Qxc3 Qb6+ 34.
Kh2 1/2-1/2

[Event "Scarborough CC LH Summer op"]
[Site "Toronto CAN"]
[Date "2010.06.03"]
[Round "5"]
[White "Ugodnikov, Arkadiy"]
[Black "Southam, David"]
[Result "0-1"]
[WhiteElo "1852"]
[BlackElo "2119"]
[PlyCount "74"]
[EventDate "2010.04.29"]
[EventType "swiss"]
[EventRounds "8"]
[EventCountry "CAN"]

1. e4 e6 2. d4 d5 3. Nd2 Be7 4. Ngf3 Nf6 5. e5 Nfd7 6. Bd3 c5 7. c3 Nc6 8. O-O
g5 9. Be2 g4 10. Ne1 cxd4 11. cxd4 Nxd4 12. Bxg4 Nxe5 13. Bh5 Ng6 14. Ndf3
Nxf3+ 15. Nxf3 Bf6 16. Re1 O-O 17. Rb1 Re8 18. Bxg6 hxg6 19. Bf4 Bg7 20. b3 f6
21. Rc1 e5 22. Bg3 Be6 23. Nh4 g5 24. Nf3 Rc8 25. Rxc8 Qxc8 26. Qb1 Bf5 27. Qd1
Qd7 28. h4 g4 29. Nh2 Rc8 30. f3 gxf3 31. Nxf3 Bh6 32. Qe2 Rc2 33. Qf1 Be4 34.
Bf2 Qg4 35. Nh2 Qg6 36. g3 Bd2 37. Rd1 Be3 0-1

[Event "Scarborough CC LH Summer op"]
[Site "Toronto CAN"]
[Date "2010.06.03"]
[Round "5"]
[White "Verde, Pino"]
[Black "Azmitia, Gabriel"]
[Result "1-0"]
[WhiteElo "1805"]
[BlackElo "1618"]
[PlyCount "70"]
[EventDate "2010.04.29"]
[EventType "swiss"]
[EventRounds "8"]
[EventCountry "CAN"]

1. e4 c5 2. Nf3 d6 3. Bc4 e6 4. c3 a6 5. Bb3 Nd7 6. d4 cxd4 7. cxd4 Qc7 8. Nc3
Be7 9. Be3 b5 10. Rc1 Qb8 11. Ng5 Bxg5 12. Bxg5 Ngf6 13. O-O Bb7 14. Re1 O-O
15. Bc2 Qa7 16. Re3 Rac8 17. Bxf6 Nxf6 18. e5 dxe5 19. dxe5 Rfd8 20. Qe2 Ne8
21. Qh5 g6 22. Qh4 Rd4 23. Qh6 Bxg2 24. Kxg2 Ng7 25. Rh3 Nh5 26. Rxh5 Rg4+ 27.
Kf1 Qc5 28. Qxh7+ Kf8 29. Qh8+ Ke7 30. Qf6+ Kd7 31. Qxf7+ Kc6 32. Qxe6+ Kb7 33.
Rh7+ Rc7 34. Rxc7+ Qxc7 35. Qxg4 Qc6 1-0

[Event "Scarborough CC LH Summer op"]
[Site "Toronto CAN"]
[Date "2010.06.10"]
[Round "6"]
[White "Azizi, Hamid"]
[Black "Gillis, Doug"]
[Result "1-0"]
[WhiteElo "1556"]
[BlackElo "1633"]
[PlyCount "105"]
[EventDate "2010.04.29"]
[EventType "swiss"]
[EventRounds "8"]
[EventCountry "CAN"]

1. e4 e6 2. Nf3 d5 3. Bb5+ c6 4. Bd3 dxe4 5. Bxe4 Nf6 6. Qe2 Na6 7. d4 Nxe4 8.
Qxe4 Qd5 9. Qe2 Bb4+ 10. c3 Bd6 11. Nbd2 O-O 12. O-O Nc7 13. Rd1 Re8 14. Ne4
Bf8 15. c4 Qa5 16. Nfg5 Be7 17. Qh5 Bxg5 18. Nxg5 h6 19. Qxf7+ Kh8 20. Qh5 Kg8
21. Qf7+ Kh8 22. Bd2 Qf5 23. Qh5 Rf8 24. Rf1 Kg8 25. g4 Qd3 26. Bb4 Rf6 27. Bd6
Qg6 28. Bxc7 Qxh5 29. gxh5 hxg5 30. f4 Bd7 31. fxg5 Rf5 32. Rxf5 exf5 33. Re1
Rf8 34. Re7 Rf7 35. Bd6 b5 36. c5 Rxe7 37. Bxe7 Be8 38. g6 Bd7 39. Kf2 Be6 40.
b3 a5 41. Ke3 a4 42. bxa4 bxa4 43. a3 Bd5 44. Kf4 Be4 45. Ke5 Bd3 46. Kd6 Be4
47. Ke5 Bd3 48. d5 cxd5 49. Kxd5 Be4+ 50. Ke5 Bc6 51. Kxf5 Be8 52. Ke5 Bxg6 53.
hxg6 1-0

[Event "Scarborough CC LH Summer op"]
[Site "Toronto CAN"]
[Date "2010.06.10"]
[Round "6"]
[White "Azmitia, Gabriel"]
[Black "Jizan, Masoud"]
[Result "0-1"]
[WhiteElo "1618"]
[BlackElo "1772"]
[PlyCount "91"]
[EventDate "2010.04.29"]
[EventType "swiss"]
[EventRounds "8"]
[EventCountry "CAN"]

1. d4 Nf6 2. Nf3 d6 3. Bg5 Nbd7 4. Nc3 g6 5. e4 Bg7 6. Qd2 O-O 7. Bh6 c6 8.
Bxg7 Kxg7 9. Bd3 e5 10. d5 cxd5 11. exd5 Re8 12. Ne4 Nxe4 13. Bxe4 f5 14. Ng5
Nf6 15. Bf3 e4 16. Be2 h6 17. Nh3 Qb6 18. O-O-O Bd7 19. Rhf1 Rac8 20. Kb1 Ba4
21. Rc1 Rc5 22. c4 Rec8 23. Nf4 Bd7 24. Ka1 a5 25. Qd4 a4 26. Rfd1 Re8 27. Rc3
Qd8 28. h4 Kh7 29. g3 Ra5 30. Rdc1 Rc5 31. b4 axb3 32. Rxb3 Bc8 33. Rcb1 Qc7
34. Ne6 Bxe6 35. dxe6 Rb8 36. Rb6 Ne8 37. g4 Re5 38. gxf5 Rxf5 39. Qxe4 Qg7+
40. R1b2 Rxf2 41. h5 Rf5 42. hxg6+ Qxg6 43. Bd3 Ng7 44. Bb1 Kg8 45. Rxb7 Rxb7
46. Qxb7 0-1

[Event "Scarborough CC LH Summer op"]
[Site "Toronto CAN"]
[Date "2010.06.10"]
[Round "6"]
[White "Bao, Stephen"]
[Black "Bellomo, Joe"]
[Result "1/2-1/2"]
[WhiteElo "1684"]
[BlackElo "1742"]
[PlyCount "129"]
[EventDate "2010.04.29"]
[EventType "swiss"]
[EventRounds "8"]
[EventCountry "CAN"]

1. d4 Nf6 2. c4 e6 3. Nc3 b6 4. a3 Bb7 5. Nf3 Be7 6. Bf4 d6 7. Qc2 O-O 8. e4
Nbd7 9. Be2 a6 10. O-O Rc8 11. Rfd1 Nh5 12. Be3 g6 13. Bh6 Ng7 14. b4 f5 15.
exf5 exf5 16. Qd2 Nf6 17. Ng5 Qd7 18. d5 Nfe8 19. h4 Bxg5 20. hxg5 Rf7 21. Bf3
Rd8 22. Ne2 c6 23. Nf4 c5 24. Re1 Qc8 25. Rac1 Nc7 26. Re2 Re8 27. Rce1 Rxe2
28. Rxe2 Qd8 29. bxc5 bxc5 30. Qb2 Bc8 31. Qb8 Rf8 32. Qb2 Rf7 33. Qb6 Qd7 34.
Bxg7 Rxg7 35. Ne6 Re7 36. Rb2 Nxe6 37. dxe6 Qc7 38. Qxc7 Rxc7 39. Rb8 Kg7 40.
Bd5 Kf8 41. Rb1 Ke7 42. Re1 Bb7 43. g3 Bxd5 44. cxd5 c4 45. Rc1 c3 46. Kf1 c2
47. Ke2 Rc5 48. f4 Rxd5 49. Rxc2 Rc5 50. Rb2 Kxe6 51. Rb6 Ra5 52. Rb3 Rb5 53.
Re3+ Kd7 54. Rd3 a5 55. Kd2 d5 56. Ke3 Kd6 57. Kd4 a4 58. Re3 Rb1 59. Rd3 Re1
60. Rd2 Re4+ 61. Kd3 d4 62. Kc4 Re3 63. Rxd4+ Kc6 64. Kb4 Re4 65. Kc4 1/2-1/2

[Event "Scarborough CC LH Summer op"]
[Site "Toronto CAN"]
[Date "2010.06.10"]
[Round "6"]
[White "Cale, Ferdinand"]
[Black "Radpey, Abdolreza"]
[Result "1-0"]
[WhiteElo "1748"]
[BlackElo "1587"]
[PlyCount "96"]
[EventDate "2010.04.29"]
[EventType "swiss"]
[EventRounds "8"]
[EventCountry "CAN"]

1. f4 d5 2. d4 Nc6 3. e3 Bf5 4. Bd3 Be4 5. Bxe4 dxe4 6. Ne2 e6 7. O-O f5 8. a3
a5 9. c3 Nf6 10. b3 Be7 11. Bb2 Ng4 12. Qd2 Na7 13. c4 c6 14. h3 Nf6 15. Nbc3
Nh5 16. g4 Nf6 17. g5 Nh5 18. Kg2 Qb6 19. Qe1 g6 20. Na4 Qc7 21. d5 Rg8 22.
dxe6 Rd8 23. Qc1 Rd3 24. Bd4 c5 25. Be5 Qc6 26. Nec3 Qxe6 27. h4 Kf7 28. Nb2
Rd7 29. Rd1 Rxd1 30. Nbxd1 Nc6 31. Bc7 Bd8 32. Nd5 Bxc7 33. Nxc7 Qd7 34. Nd5
Ne7 35. N1c3 Rd8 36. Qc2 Qc6 37. Rd1 Nxd5 38. Rxd5 Rxd5 39. Nxd5 b5 40. Qc3
bxc4 41. Qxc4 Kf8 42. b4 axb4 43. axb4 Ke8 44. Qxc5 Qd7 45. b5 Qg7 46. Qc8+ Kf7
47. Qd7+ Kf8 48. Qxg7+ Kxg7 1-0

[Event "Scarborough CC LH Summer op"]
[Site "Toronto CAN"]
[Date "2010.06.10"]
[Round "6"]
[White "Ferreira, Alex"]
[Black "Verde, Pino"]
[Result "1/2-1/2"]
[WhiteElo "2067"]
[BlackElo "1805"]
[PlyCount "86"]
[EventDate "2010.04.29"]
[EventType "swiss"]
[EventRounds "8"]
[EventCountry "CAN"]

1. g4 d5 2. Bg2 c6 3. e3 Na6 4. d4 Nc7 5. b3 Nf6 6. g5 Ne4 7. Bxe4 dxe4 8. Ne2
Bg4 9. Nd2 Qd5 10. c4 Qxg5 11. Nxe4 Qh4 12. N4g3 Bf3 13. Rg1 e6 14. Qd3 Qxh2
15. e4 Bb4+ 16. Bd2 Bxd2+ 17. Kxd2 Qh6+ 18. Qe3 Qxe3+ 19. Kxe3 Bxe2 20. Nxe2 g6
21. e5 Ke7 22. Nc3 h5 23. Ne4 b6 24. Rad1 h4 25. Rg4 b5 26. Rh1 h3 27. Rh2 bxc4
28. bxc4 Rab8 29. Rf4 Ne8 30. Rf3 Ng7 31. Nd6 Nf5+ 32. Nxf5+ gxf5 33. Rfxh3
Rxh3+ 34. Rxh3 Rb2 35. Rh8 Rxa2 36. Rb8 Ra6 37. c5 Ra3+ 38. Kf4 Rd3 39. Kg5
Rxd4 40. f4 Rd8 41. Rb7+ Rd7 42. Rb8 Rd3 43. Rb7+ Rd7 1/2-1/2

[Event "Scarborough CC LH Summer op"]
[Site "Toronto CAN"]
[Date "2010.06.10"]
[Round "6"]
[White "Hahnewald, Uwe"]
[Black "Posaratnanathan, Juliaan"]
[Result "1-0"]
[WhiteElo "1871"]
[BlackElo "1678"]
[PlyCount "56"]
[EventDate "2010.04.29"]
[EventType "swiss"]
[EventRounds "8"]
[EventCountry "CAN"]

1. e4 c5 2. c3 Nf6 3. e5 Nd5 4. Nf3 d6 5. Bc4 Nb6 6. Bb3 Bg4 7. Bxf7+ Kxf7 8.
Ng5+ Ke8 9. Qxg4 dxe5 10. Qf5 Qd5 11. O-O g6 12. Qg4 Qd7 13. Qf3 Qd5 14. Qg4
Qd7 15. Qg3 Qf5 16. d3 Nc6 17. f4 Rc8 18. fxe5 Qxe5 19. Bf4 Qd5 20. Nd2 Bg7 21.
Rae1 e5 22. Qg4 Rc7 23. Nde4 Re7 24. Be3 Qd7 25. Qg3 h6 26. Nxc5 Qd5 27. Nge4
Kd8 28. Qxg6 Kc7 1-0